| Tag |
First Indicator |
Second Indicator |
Subfields |
| LEADER |
00000cam a2200000 4500 |
| 001 |
in00000209421 |
| 005 |
20151009054736.0 |
| 008 |
740925s1959 nyua 00010 eng d |
| 010 |
|
|
|a 59005181
|
| 035 |
|
|
|a (OCoLC)01021202
|
| 035 |
|
|
|9 AAW8816AM
|
| 040 |
|
|
|c ITD
|d TXA
|d UtOrBLW
|
| 049 |
|
|
|a TXAM
|c [318604]
|
| 082 |
0 |
|
|a 420.4
|
| 090 |
|
|
|a PE1072
|b .D4
|
| 100 |
1 |
|
|a Dean, Leonard F.
|q (Leonard Fellows),
|d 1909-1999.
|
| 245 |
1 |
0 |
|a Essays on language and usage /
|c edited by Leonard F. Dean and Kenneth G. Wilson.
|
| 264 |
|
1 |
|a New York :
|b Oxford University Press,
|c 1959.
|
| 300 |
|
|
|a 335 pages :
|b illustrations ;
|c 21 cm.
|
| 336 |
|
|
|a text
|b txt
|2 rdacontent
|
| 337 |
|
|
|a unmediated
|b n
|2 rdamedia
|
| 338 |
|
|
|a volume
|b nc
|2 rdacarrier
|
| 650 |
|
0 |
|a English language.
|
| 650 |
|
0 |
|a Language and languages.
|
| 700 |
1 |
|
|a Wilson, Kenneth G.
|q (Kenneth George),
|d 1923-
|
| 999 |
|
|
|a MARS
|
| 999 |
f |
f |
|s f6f5a1e1-c051-3403-a665-5f7df916c25e
|i b3069c38-2286-388a-93e8-dfa2c01023a6
|t 0
|
| 952 |
f |
f |
|p ric
|a Texas A&M University
|b Rellis Campus
|c Joint Library Facility
|d Remote Storage
|t 0
|e PE1072 .D4
|h Library of Congress classification
|i unmediated -- volume
|m A14803580323
|
| 998 |
f |
f |
|a PE1072 .D4
|t 0
|l Remote Storage
|